alice in borderland games - Statistics

General Stats
  • This quiz has been taken 459 times
  • The average score is 10 of 19
Answer Stats
Hint Answer % Correct
games of physical endurence, strenght and agility spades
84%
games of psychology, trusts and betrayal hearts
80%
Games that balance all three concepts with an element of teamwork clubs
77%
games of intelligence, strategy and wits diamonds
75%
players must find the save zone in one of the rooms, but avoid the tagger five of spadestag
68%
players must find out who momoka's killer is and burn them in the fire ten of heartswitch hunt
63%
players must try to be the wolf at the end of the game seven of heartshide and seek
59%
players must run until they reach the goal four of clubsdistance
52%
players must hold on to the elevator and reach the top two of spadeshuman elevator
52%
players must have more points than the citizen team by the end of the time limit king of clubs osmosis
50%
Players must play three sets of croquet against the game master without retiring queen of heartscroquet
48%
players must find out what switch turns on the light before the water hits the electrical wires four of diamondslight bulb
45%
players must choose between two doors and escape the building. three of clubsdead or alive
45%
players must escape the venue while avoiding boiling water seven of spadesboiling death
43%
Players must have the game master guess his collar mark incorrectly, or get a Game Over in any other means jack of heartssolitary confinement
38%
players must play a team based version of freeze tag against citizens in which they switch teams when caught until they catch every player and citizen queen of spadescheckmate
37%
players must kill the king king of spadessurvival
28%
Players must beat the game master in a game where they have to guess the average off all the players guesses. king of diamondsbalance scale
20%
players must play dodgeball against other teams and two citizens queen of clubstarget
20%
No matching quizzes found
Score Distribution
Percent of People with Each Score
Percentile by Number Answered
Your Score History
You have not taken this quiz